| 000 | 01077nam a2200313 a 4500 | ||
|---|---|---|---|
| 003 | AR-BaBNM | ||
| 005 | 20251128210221.0 | ||
| 008 | 082120s2002 ||||||||||||||000 | spa|| | ||
| 020 | _a950-795-034-6 | ||
| 040 | _cAR-BaBNM | ||
| 100 | 1 | _aCarriquiriborde, Luis | |
| 245 | 0 | 0 | _aAlertas ambientales en Argentina y en el mundo |
| 260 |
_aBuenos Aires _bEdiciones La Llave _c1999 |
||
| 300 |
_a127 p. _bil., tablas, gráfs. |
||
| 490 | 0 | _aEnfoques en educación | |
| 504 | _aContiene anexos: glosario ambiental p. 115-117, Río 92 p. 118-121, legislación ambiental Argentina p. 121-123, datos verdes útiles p. 124-125, bibliografía p. 126-127 | ||
| 650 | 4 | _aEDUCACION AMBIENTAL | |
| 650 | 4 | _aCIENCIAS NATURALES | |
| 650 | 4 | _aTECNICAS DIDACTICAS | |
| 650 | 4 | _aCURRICULO TRANSDISCIPLINARIO | |
| 653 | _aTEMAS TRANSVERSALES | ||
| 653 | _aTERCER CICLO DE LA EGB | ||
| 653 | _aEDUCACION POLIMODAL | ||
| 700 | 1 |
_aPereira, Marcela _ecoordinador |
|
| 700 | 1 |
_aFoguelman, Dina _erevisión |
|
| 800 | 1 |
_aPereira, Marcela _edirector |
|
| 942 | _cBK | ||
| 998 | _cRaquel | ||
| 999 |
_c14551 _d14551 |
||